Reoccurring Characters in South Park: Season 1 - Statistics

General Stats
  • This quiz has been taken 61 times
  • The average score is 22 of 44
Answer Stats
Answer % Correct
13 Eric Cartman
100%
13 Kenny McCormick
100%
13 Kyle Broflovski
100%
13 Stan Marsh
100%
6 Randy Marsh
93%
13 Mr. Garrison
85%
13 Chef
80%
4 Sheila Broflovski
78%
6 Butters Stotch
75%
2 Gerald Broflovski
70%
5 Sharon Marsh
70%
9 Wendy Testaburger
70%
10 Bebe Stevens
68%
8 Liane Cartman
68%
4 Principal Victoria
68%
9 Tolkien Black
68%
11 Clyde Donovan
65%
3 Craig Tucker
65%
3 Mr. Mackey
65%
5 Ike Broflovski
63%
11 Pip Pirrup
50%
3 Stuart McCormick
50%
8 Jesus Christ
48%
10 Jimbo Kern
48%
8 Ned Gerblanski
45%
3 Kevin Mephesto
38%
10 Kevin Stoley
38%
3 Shelley Marsh
38%
10 Officer Barbrady
35%
3 Phillip
35%
3 Terrance
33%
3 Dr. Alphonse Mephesto
28%
2 Marvin Marsh
28%
9 Red McArther
28%
9 Mayor McDaniels
25%
5 Mrs. Crabtree
25%
10 Annie Knitts
23%
4 Father Maxi
18%
7 Bill Allen
13%
8 Dog Poo Petuski
13%
4 Fosse McDonald
13%
4 Bob Johnson (Mayor's Aide)
8%
2 Sally Struthers
8%
5 Ted (Mayor's Aide)
8%
No matching quizzes found
Score Distribution
Percent of People with Each Score
Percentile by Number Answered
Your Score History
You have not taken this quiz